00521 2200181 4500001002100000005001500021035002000036008004100056245006600097100001900163260003300182300001900215020002200234084002100256082001100277650003100288990002000319INLIS00000000000792520260424031142 a0010-0426000113260424 0 ind 1 aStrategi Membangun Bisnis Developer Property /cYunus Rukmana aRukmana, Yunus aJakarta :bUfuk Press,c2012 a325 ;c23 x 19 a978-602-9159-61-5 a338.47 RUK S C.1 a338.47 4aJasa dan industri tertentu a260311200011265